dinosaurs - Statistics

General Stats
  • This quiz has been taken 916 times
  • The average score is 6 of 15
Answer Stats
Hint Answer % Correct
the "3 horned face" triceratops
97%
the most famous dinosaur T rex
74%
"jurassic park" raptor velociraptor
68%
dinosaur often compared with a tank ankylosaurus
50%
the correct name of brontosaurus apatosaurus
49%
the name dinosaur means terrible lizard
46%
the long necked dinosaurs sauropods
45%
largest raptor utahraptor
40%
dinosaurs lived in the _____ era... mesozoic
38%
...which is divided into the ____ _____ & _____ periods triassic jurassic & cretaceous
34%
bane of dinosaurs asteroid
19%
"lizard hipped" saurischian
16%
"bird hipped" ornithischian
15%
coined the term "dinosauria" sir richard owen
9%
sail backed carnivore spinosaurus
1%
No matching quizzes found
Score Distribution
Percent of People with Each Score
Percentile by Number Answered
Your Score History
You have not taken this quiz